000
00296nam a22001457a 4500
020
_a
026-750
041
_a
ENG
100
_a
Khana.D.R
245
_a
A Text Book of Sound
250
_a
1sd
260
_a
Delhi
_b
Atma Ram & Sons
_c
1992
650
_a
Physics
700
_a
Bedi.R.S
856
_u
Physics
999
_c
301
_d
301